| 000 | 01118nam a22002657a 4500 | ||
|---|---|---|---|
| 005 | 20170124103057.0 | ||
| 010 | _aA-594229 | ||
| 020 |
_c125.00 _a8126708824 |
||
| 035 | _aA-594229 | ||
| 037 | _bCen Lib/Ret | ||
| 040 |
_aDPL _bHN |
||
| 082 |
_aउ _bभैरप्पा |
||
| 100 |
_aभैरप्पा, एस.एल _975303 |
||
| 245 |
_aछोर / _cएस.एल भैरप्पा ; अनुवादक भालचंद्र जयशेट्टी |
||
| 246 |
_aChor / _bby S.L. Bhairappa ; anuvadak Bhaalchndra Jayshetty |
||
| 260 |
_a दिल्ली _bशब्दकार _c1992 |
||
| 270 |
_a159, गुरु अंगद नगर _b दिल्ली _e110092 |
||
| 300 |
_a362पृ. _c19सेमी (सजिल्द) |
||
| 650 |
_a साहित्य--उपन्यास _975304 |
||
| 650 |
_aहिन्दी -- उपन्यास _975305 |
||
| 650 |
_a Literature--Fiction _975306 |
||
| 650 |
_aHindi -- Fiction _927248 |
||
| 700 |
_aजयशेट्टी, भालचंद्र _975307 |
||
| 942 |
_2ddc _cHN _hउ _mभैरप्पा |
||
| 999 |
_c117546 _d117546 |
||